Полный привод автомобилей. Ч. 1: Кратковременно подключаемый полный привод (Запись № 12747366)
[ простой вид ]
| 000 -МАРКЕР | |
|---|---|
| контрольное поле | 02394nam2a2200253 4500 |
| 001 - ИДЕНТИФИКАТОР ЗАПИСИ | |
| контрольное поле | RU\NLR\BIBL_A\012658259 |
| 005 - ИДЕНТИФИКАТОР ВЕРСИИ | |
| контрольное поле | 20220720140301.0 |
| 021 ## - НОМЕР ГОСУДАРСТВЕННОЙ РЕГИСТРАЦИИ | |
| Код страны | Российская Федерация |
| Номер | КН-П-21-049436 |
| Номер Листа государственной регистраци | КН-П-21-3888 |
| 035 ## - ДРУГИЕ СИСТЕМНЫЕ НОМЕРА | |
| Идентификатор записи | (NLR Aleph) 012658259 |
| 100 ## - ДАННЫЕ ОБЩЕЙ ОБРАБОТКИ | |
| Данные общей обработки | 20211203d2020 u y0rusy50 ca |
| 101 0# - ЯЗЫК РЕСУРСА | |
| Язык текста, звукозаписи и т.д. | русский |
| 102 ## - СТРАНА ПУБЛИКАЦИИ ИЛИ ПРОИЗВОДСТВА | |
| Страна публикации | Российская Федерация |
| 105 ## - ПОЛЕ КОДИРОВАННЫХ ДАННЫХ: ТЕКСТОВЫЕ МАТЕРИАЛЫ, МОНОГРАФИЧЕСКИЕ | |
| Кодированные данные о монографическом текстовом документе | a j 000zy |
| 200 1# - ЗАГЛАВИЕ И СВЕДЕНИЯ ОБ ОТВЕТСТВЕННОСТИ | |
| Основное заглавие | Кратковременно подключаемый полный привод |
| 210 ## - ПУБЛИКАЦИЯ, РАСПРОСТРАНЕНИЕ И ДР. | |
| Дата издания, распространения и т.д. | 2020 |
| 215 ## - ФИЗИЧЕСКАЯ ХАРАКТЕРИСТИКА | |
| Специфическое обозначение материала и объем | 279, [1] с. |
| Другие сведения о физической характеристике | ил. |
| 320 ## - ПРИМЕЧАНИЯ О НАЛИЧИИ В ДОКУМЕНТЕ БИБЛИОГРАФИИ / УКАЗАТЕЛЯ | |
| Текст примечания | Библиогр.: с. 275-278 (111 назв.) |
| 461 #0 - УРОВЕНЬ НАБОРА | |
| Встроенное поле | 001RU\NLR\BIBL_A\012658258 |
| -- | 2001#$aПолный привод автомобилей$eучебное пособие$eдля студентов всех форм обучения при подготовке специалистов по специальности 23.05.01 "Наземные транспортно-технологические средства" и бакалавров по направлению 23.03.02 "Наземные транспортно-технологические комплексы"$fС. С. Никифоров$gМинистерство науки и высшего образования Российской Федерации, Южно-Уральский государственный университет, Кафедра колесные и гусеничные машины$vЧ. 1 |
| -- | 700#1$aНикифоров$bС. С.$gСергей Степанович$cканд. техн. наук, автомобилестроение$3RU\NLR\AUTH\770237453 |
| Системный номер (АБИС) связанной записи | 12747363 |
| Автор | Никифоров, С. С. (канд. техн. наук, автомобилестроение) |
| Место публикации | Челябинск |
| Дата публикации | 2020 |
| Первые сведения об ответственности | С. С. Никифоров |
| Имя издателя, распространителя и т.д. | Издательский центр ЮУрГУ |
| Сведения, относящиеся к заглавию | учебное пособие : для студентов всех форм обучения при подготовке специалистов по специальности 23.05.01 "Наземные транспортно-технологические средства" и бакалавров по направлению 23.03.02 "Наземные транспортно-технологические комплексы" |
| Заглавие | Полный привод автомобилей |
| Номер тома | Ч. 1 |
| 942 ## - ДОПОЛНИТЕЛЬНЫЕ ЭЛЕМЕНТЫ ЗАПИСИ (АБИС) | |
| Тип экземпляра АБИС | Книга |
| 980 ## - КОЛЛЕКЦИЯ | |
| Название коллекции | НБР |
| 980 ## - КОЛЛЕКЦИЯ | |
| Название коллекции | Национальная библиография |
Нет доступных экземпляров.